[Event "ACT-ch"]
[Site "Canberra"]
[Date "2017.03.12"]
[Round "5"]
[White "Luo, Ricky"]
[Black "Jochimsen, Erik"]
[Result "1-0"]
[WhiteElo "1497"]
[BlackElo "1669"]
[PlyCount "113"]
[EventDate "2017.03.10"]
[EventType "swiss"]
[EventRounds "7"]
[EventCountry "AUS"]
[SourceTitle "EXT 2023"]
[Source "ChessBase"]
[SourceDate "2022.10.05"]
[SourceVersion "1"]
[SourceVersionDate "2022.10.05"]
[SourceQuality "1"]

1. e4 d5 2. exd5 Qxd5 3. Nc3 Qd8 4. Bc4 Nf6 5. d3 Bf5 6. Qf3 Qc8 7. h3 e6 8. Nge2 Be7 9. Ng3 Bg6 10. 0-0 c6 11. Bg5 Nbd7 12. Rfe1 0-0 13. a3 Bd8 14. Bf4 Nb6 15. Bb3 Nfd5 16. Nxd5 Nxd5 17. Bxd5 cxd5 18. c3 Bc7 19. d4 Bxf4 20. Qxf4 Qc4 21. Qe5 Qb3 22. Re2 Rfe8 23. Rae1 f6 24. Qd6 Rad8 25. Qb4 Qxb4 26. axb4 Rd6 27. Ra1 a6 28. Rae1 Kf7 29. h4 Bd3 30. Re3 Bc4 31. f4 Bb5 32. f5 Rb6 33. fxe6+ Rbxe6 34. Nf5 Bd7 35. Rxe6 Rxe6 36. Rxe6 Bxe6 37. Nd6+ Kg6 38. Nxb7 Bd7 39. Nc5 Bb5 40. Kf2 h5 41. Ne6 Bc4 42. Kf3 Kf7 43. Nf4 g6 44. Ke3 f5 45. g3 Kf6 46. Kf3 Bb3 47. Nh3 Bd1+ 48. Ke3 Bb3 49. Ng5 Bc4 50. Nf3 Bb3 51. Kf4 Ba4 52. Nd2 Bb5 53. b3 Bc6 54. c4 Bb7 55. Nf1 Bc6 56. Ne3 dxc4 57. bxc4 1-0

[Event "ACT-ch"]
[Site "Canberra"]
[Date "2016.02.21"]
[Round "8"]
[White "Luo, Ricky"]
[Black "Lee, Abigail"]
[Result "1-0"]
[WhiteElo "1487"]
[BlackElo "309"]
[PlyCount "87"]
[EventDate "2016.02.12"]
[EventType "swiss"]
[EventRounds "9"]
[EventCountry "AUS"]
[SourceTitle "CBM 171 Extra"]
[Source "ChessBase"]
[SourceDate "2016.04.26"]
[SourceVersion "1"]
[SourceVersionDate "2016.04.26"]
[SourceQuality "1"]

1. d4 d5 2. c4 dxc4 3. e4 e5 4. d5 b5 5. a4 Nf6 6. Bg5 Be7 7. Bxf6 Bxf6 8. axb5 0-0 9. Bxc4 Nd7 10. Ne2 Nc5 11. Nbc3 h6 12. b4 Nd7 13. 0-0 Nb6 14. Bb3 Qd6 15. Na2 Be7 16. Rc1 Bg5 17. Rc6 Qd8 18. d6 cxd6 19. Rxd6 Qc7 20. Rc6 Qe7 21. Qc2 Bb7 22. Rc5 Rac8 23. Rd1 Nd7 24. Rc7 Bxe4 25. Qc4 Rxc7 26. Qxc7 Bf5 27. Ng3 Be6 28. Bxe6 Qxe6 29. Nc3 Rd8 30. Nce4 Be7 31. Nc5 Nxc5 32. Rxd8+ Bxd8 33. Qxd8+ Kh7 34. bxc5 e4 35. Qd2 Qc4 36. Qe2 Qxe2 37. Nxe2 a5 38. bxa6 e3 39. fxe3 f5 40. a7 f4 41. Nxf4 g5 42. a8Q gxf4 43. Qe4+ Kg7 44. c6 1-0

[Event "ACT-ch"]
[Site "Canberra"]
[Date "2016.02.14"]
[Round "5"]
[White "Luo, Ricky"]
[Black "Hellmann, Oscar"]
[Result "0-1"]
[WhiteElo "1487"]
[BlackElo "1496"]
[PlyCount "74"]
[EventDate "2016.02.12"]
[EventType "swiss"]
[EventRounds "9"]
[EventCountry "AUS"]
[SourceTitle "CBM 171 Extra"]
[Source "ChessBase"]
[SourceDate "2016.04.26"]
[SourceVersion "1"]
[SourceVersionDate "2016.04.26"]
[SourceQuality "1"]

1. d4 d5 2. c4 e6 3. Nc3 Nf6 4. Bg5 Be7 5. e3 h6 6. Bxf6 Bxf6 7. cxd5 exd5 8. Bd3 Be6 9. Nge2 c6 10. Qc2 Qe7 11. a3 Nd7 12. 0-0 Nb6 13. b4 Rc8 14. f3 Nc4 15. Bxc4 dxc4 16. e4 g6 17. e5 Bg7 18. Ne4 0-0 19. Nd6 Rcd8 20. Nxc4 Bf5 21. Qc3 f6 22. f4 Be6 23. Nd6 Bd5 24. Qg3 Rxd6 25. exd6 Qxe2 26. Qxg6 Qe3+ 27. Kh1 Be4 28. Qg4 f5 29. Qg6 Qxd4 30. Qe6+ Kh7 31. Qe7 Qb2 32. Rg1 Qf6 33. Qxb7 Qxd6 34. Qxa7 Qxf4 35. Rad1 Bd5 36. Rde1 Rf7 37. Qa8 Be5 0-1

[Event "Toronto NAYCC U12"]
[Site "Toronto"]
[Date "2013.09.18"]
[Round "9"]
[White "Sun, Andy"]
[Black "Luo, Ricky"]
[Result "1/2-1/2"]
[WhiteElo "1082"]
[BlackElo "1023"]
[PlyCount "97"]
[EventDate "2013.08.14"]
[EventType "swiss"]
[EventRounds "9"]
[EventCountry "CAN"]
[SourceTitle "EXT 2022"]
[Source "ChessBase"]
[SourceDate "2021.10.06"]
[SourceVersion "1"]
[SourceVersionDate "2021.10.06"]
[SourceQuality "1"]

1. e4 e5 2. f4 exf4 3. Nf3 Nc6 4. d4 d6 5. Bxf4 Nf6 6. Nc3 Bg4 7. h3 Bh5 8. Be2 h6 9. e5 dxe5 10. dxe5 Nd7 11. 0-0 Bxf3 12. Bxf3 Ncxe5 13. Re1 Bd6 14. Nb5 Qf6 15. Nxd6+ cxd6 16. Qd5 Qxf4 17. Qxd6 Qf6 18. Qb4 Qb6+ 19. Qxb6 axb6 20. Bxb7 Ra5 21. b4 Ra7 22. Bc6 f6 23. Rad1 Rf8 24. a4 Rf7 25. Ra1 Re7 26. Bb5 Kf7 27. c4 Nd3 28. Rxe7+ Kxe7 29. Bxd7 Kxd7 30. Rd1 Ke6 31. Rxd3 Rxa4 32. Rb3 Ke5 33. Kf2 Kd4 34. c5 bxc5 35. b5 c4 36. Rb1 Kd3 37. b6 Ra8 38. Ke1 c3 39. Rb5 Ra1+ 40. Kf2 Ra8 41. Ke1 Kc2 42. Rb4 Re8+ 43. Kf2 Kc1 44. b7 Rb8 45. Ke2 c2 46. Ke1 Re8+ 47. Kf2 Rb8 48. Ke1 g5 49. g4 1/2-1/2

[Event "Toronto NAYCC U12"]
[Site "Toronto"]
[Date "2013.08.17"]
[Round "6"]
[White "Kishkimbayev, Alisher"]
[Black "Luo, Ricky"]
[Result "1-0"]
[WhiteElo "1201"]
[BlackElo "1023"]
[PlyCount "120"]
[EventDate "2013.08.14"]
[EventType "swiss"]
[EventRounds "9"]
[EventCountry "CAN"]
[SourceTitle "EXT 2022"]
[Source "ChessBase"]
[SourceDate "2021.10.06"]
[SourceVersion "1"]
[SourceVersionDate "2021.10.06"]
[SourceQuality "1"]

1. d4 Nf6 2. c4 g6 3. Nc3 Bg7 4. e4 d6 5. f3 0-0 6. Be3 Nbd7 7. Qd2 e5 8. Nge2 Re8 9. d5 Nb6 10. Ng3 c6 11. Rd1 cxd5 12. cxd5 Qc7 13. Rc1 Nc4 14. Nb5 Nxd2 15. Nxc7 Nxf1 16. Rxf1 Bd7 17. Nxe8 Rxe8 18. Bxa7 Ra8 19. Be3 Bb5 20. Rf2 Rxa2 21. Rfc2 h5 22. b4 Ra3 23. Bd2 Kh7 24. Rc7 Ba6 25. Rxf7 b5 26. Rfc7 Ra2 27. R7c2 Ra3 28. Bc3 Bh6 29. Ra1 Rxa1+ 30. Bxa1 Ne8 31. Rc6 Bb7 32. Rb6 Bc8 33. Rxb5 Ba6 34. Rb6 Bd3 35. Ne2 Bf8 36. Kd2 Bxe2 37. Kxe2 Nf6 38. Rc6 Kg8 39. Rc7 Ne8 40. Ra7 Bg7 41. b5 Bf6 42. b6 Bd8 43. Ra8 Bxb6 44. Rxe8+ Kf7 45. Rb8 Bc5 46. Rb5 Ke7 47. Bxe5 Kd8 48. Bc3 Kc8 49. Kd3 Kd7 50. Bd4 Ba3 51. Rb7+ Kc8 52. Ra7 Bb4 53. Ke2 Kb8 54. Ra4 Bc5 55. Bxc5 dxc5 56. Rc4 Kc7 57. Rxc5+ Kd6 58. Rc6+ Kd7 59. e5 Kd8 60. Rxg6 Ke7 1-0

[Event "CAN-ch U12"]
[Site "Ottawa"]
[Date "2013.07.12"]
[Round "5"]
[White "Luo, Ricky"]
[Black "Shamroni, Dennis"]
[Result "0-1"]
[WhiteElo "990"]
[BlackElo "1489"]
[PlyCount "46"]
[EventDate "2013.07.10"]
[EventType "swiss"]
[EventRounds "6"]
[EventCountry "CAN"]
[SourceTitle "EXT 2022"]
[Source "ChessBase"]
[SourceDate "2021.10.06"]
[SourceVersion "1"]
[SourceVersionDate "2021.10.06"]
[SourceQuality "1"]

1. d4 Nf6 2. c4 g6 3. Nc3 Bg7 4. e4 d6 5. Nf3 0-0 6. Be2 Nbd7 7. 0-0 e5 8. d5 Nc5 9. Qc2 a5 10. Be3 Ne8 11. a3 f5 12. Bxc5 dxc5 13. Bd3 f4 14. h3 g5 15. Nh2 Rf6 16. f3 h5 17. Qe2 Rg6 18. g4 fxg3 19. f4 gxh2+ 20. Kxh2 exf4 21. Rg1 g4 22. e5 Qh4 23. Bxg6 Qxh3# 0-1